| 000 | 01335nam a22002657a 4500 | ||
|---|---|---|---|
| 005 | 20081107125036.0 | ||
| 008 | 081107t xxu||||| |||| 00| 0 hin d | ||
| 010 | _aHIN-84729 | ||
| 020 |
_c150.00 _a8190476324 |
||
| 035 | _aHN-57075 | ||
| 037 | _bDBAD / PUB | ||
| 040 |
_aDPL _bHN |
||
| 082 | _a230.52 | ||
| 100 | _aमुंशीराम | ||
| 245 |
_aपरम संत परम दयाल फकीर चन्द जी महाराज को श्रद्धांजलि / _cमुंशीराम |
||
| 246 |
_aParam Sant Param Dayal Fakir Chand ji Maharaj ko sardhanjali _bMunshiram |
||
| 260 |
_aदिल्ली _bगौरव बुक सेन्टर _c2007 |
||
| 270 |
_aडी-593,, सेक्टर-1, रोहिणी _bदिल्ली _e110085 _k9873096176 |
||
| 300 |
_a64पृ _c22सेमी (अजिल्द) |
||
| 500 | _aसंत सद्गुगुरू श्री मंशीराम जी के वचन | ||
| 650 |
_aधर्म _xहिन्दू |
||
| 650 |
_aReligion _xHindu |
||
| 942 |
_2ddc _cHN _mमुशीरा _h230.52 |
||
| 999 |
_c18173 _d18173 |
||